Il sesso selvaggio : i rapporti sessuali oggi /
Sábháilte in:
| Príomhchruthaitheoir: | |
|---|---|
| Rannpháirtithe: | , |
| Formáid: | LEABHAR |
| Teanga: | Iodáilis |
| Foilsithe / Cruthaithe: |
Torino :
Einaudi,
[1970]
|
| Sraith: | Saggi ;
459 |
| Ábhair: | |
| Clibeanna: |
Níl clibeanna ann, Bí ar an gcéad duine le clib a chur leis an taifead seo!
|
MARC
| LEADER | 00000nam a22000007i 4500 | ||
|---|---|---|---|
| 001 | IT\ICCU\RAV\0079415 | ||
| 003 | ItRI | ||
| 005 | 20260115232356.0 | ||
| 008 | 891204s1970 it |||||| ||||| |||||c | ||
| 015 | |2 IT |a 711372 | ||
| 040 | |b ita |c importazione bologna sebina | ||
| 041 | 7 | |a ita |2 ISO-639-2 | |
| 082 | |a 301.41 |9 SESSO |2 17 | ||
| 082 | |a 306.7 |9 ISTITUZIONI ATTINENTI ALLE RELAZIONI TRA I SESSI |2 20 | ||
| 100 | 1 | |a Packard, Vance |0 IT\ICCU\CFIV\019512 |4 aut | |
| 240 | 1 | 4 | |a The sexual wilderness |3 IT\ICCU\IEI\0385700 |9 Packard, Vance |
| 245 | 1 | 3 | |a Il sesso selvaggio : |b i rapporti sessuali oggi / |c Vance Packard ; traduzione di Vittorio Di Giuro e Maria Vittoria Malvano. |
| 260 | |a Torino : |b Einaudi, |c [1970] | ||
| 300 | |a XVI, 451 p. ; |c 22 cm | ||
| 650 | 7 | |a Sesso e società | |
| 700 | 1 | |a Malvano, Maria Vittoria |0 IT\ICCU\CFIV\046452 |4 trl | |
| 700 | 1 | |a Di Giuro, Vittorio |0 IT\ICCU\RAVV\032565 |4 trl | |
| 790 | 1 | |a Packard, Vance Oakley |3 IT\ICCU\UTOV\566047 |z Packard, Vance | |
| 830 | 0 | |a Saggi ; |v 459 |0 IT\ICCU\CFI\0000099 | |
| 942 | |2 ddc |c BK |n 0 | ||
| 952 | |0 0 |1 0 |4 0 |6 DOC_392_609000000000000_PAC |7 0 |9 25041 |a BO |b BO |d 2026-01-15 |i 1593 |l 0 |o DOC 392.609 PAC |p BO1593 |r 2026-01-15 23:23:56 |w 2026-01-15 |x [Sebina 5] [1 v. (2. copia)] |y BK |z 1 v. (2. copia) | ||
| 952 | |0 0 |1 0 |4 0 |6 DOC_392_609000000000000_PAC |7 0 |9 25042 |a BO |b BO |d 2026-01-15 |i 7954 |l 0 |o DOC 392.609 PAC |p BO7954 |r 2026-01-15 23:23:56 |w 2026-01-15 |x [Sebina 5] [1 v.] |y BK |z 1 v. | ||
| 952 | |0 0 |1 0 |4 0 |6 DOC_392_609000000000000_PAC |7 0 |9 25043 |a BO |b BO |d 2026-01-15 |i 15485 |l 0 |o DOC 392.609 PAC |p BO15485 |r 2026-01-15 23:23:56 |w 2026-01-15 |x [Sebina 5] [1 v.] |y BK |z 1 v. (3. copia) | ||
| 999 | |c 21282 |d 21282 | ||